00919cam a22002651 4500001001300000003000400013005001700017008004100034010001700075025002000092035002000112040001700132042001200149050003200161100003100193245015200224260003700376300001800413500008900431650002900520651004600549700002300595700001800618999001700636sa 68019574 DLC20260227112718.0910518s1967 io 000 0 ind  asa 68019574  aPL480:Indo-6868 a(OCoLC)23770706 aDLCcCUdDLC apremarc00aLAW 1 aPrawiranegara, Sjafruddin.10aPeranan hak-hak azasi manusia dalam kehidupan politik dan ekonomi di Indonesia.cPembahas utama I: Rufus L. Tobing, pembahas utama II: Hariri Hady. aDjakarta,bBulan Bintang,c1967. a64 p.c21 cm. a"Prasaran dalam symposium hak-hak azasi manusia jang telah diadakan di Djakarta ..." 0aCivil rightszIndonesia. 0aIndonesiaxPolitics and governmenty1966-1 aTobing, Rufinus L.1 aHady, Hariri. c88969d88969